One Scandalous Story: Clinton, Lewinsky, and Thirteen Days That Tarnished American Journalism (Record no. 533673)
[ view plain ]
| 000 -LEADER | |
|---|---|
| fixed length control field | 00328nam a22001217a 4500 |
| 020 ## - INTERNATIONAL STANDARD BOOK NUMBER | |
| International Standard Book Number | 0684859394 |
| 040 ## - CATALOGING SOURCE | |
| Transcribing agency | MSOHAIL |
| 082 ## - DEWEY DECIMAL CLASSIFICATION NUMBER | |
| Classification number | 973.929092 |
| 100 ## - MAIN ENTRY--PERSONAL NAME | |
| Personal name | Marvin Kalb |
| 9 (RLIN) | 27635 |
| 245 ## - TITLE STATEMENT | |
| Title | One Scandalous Story: Clinton, Lewinsky, and Thirteen Days That Tarnished American Journalism |
| 300 ## - PHYSICAL DESCRIPTION | |
| Extent | 182;p; |
| 942 ## - ADDED ENTRY ELEMENTS (KOHA) | |
| Source of classification or shelving scheme | |
| Koha item type | Book |
| Withdrawn status | Lost status | Source of classification or shelving scheme | Damaged status | Not for loan | Permanent Location | Current Location | Date acquired | Total Checkouts | Full call number | Barcode | Date last seen | Price effective from | Koha item type |
|---|---|---|---|---|---|---|---|---|---|---|---|---|---|
| School of Civil and Environmental Engineering (SCEE) | School of Civil and Environmental Engineering (SCEE) | 01/16/2020 | 973.929092 | NIT-9269 | 01/16/2020 | 01/16/2020 | Book |
